<?xml version="1.0" encoding="UTF-8"?>
<record
    xmlns:xsi="http://www.w3.org/2001/XMLSchema-instance"
    xsi:schemaLocation="http://www.loc.gov/MARC21/slim http://www.loc.gov/standards/marcxml/schema/MARC21slim.xsd"
    xmlns="http://www.loc.gov/MARC21/slim">

  <leader>00767caa a22002417a 4500</leader>
  <datafield tag="999" ind1=" " ind2=" ">
    <subfield code="c">421467</subfield>
    <subfield code="d">421467</subfield>
  </datafield>
  <controlfield tag="001"> 132891 </controlfield>
  <controlfield tag="003">UA-OsUOA</controlfield>
  <controlfield tag="005">20200104232019.0</controlfield>
  <controlfield tag="007">ta</controlfield>
  <controlfield tag="008">20180914b un ||||| |||| 00| 0 ukr d</controlfield>
  <datafield tag="040" ind1=" " ind2=" ">
    <subfield code="a">UA-OsUOA</subfield>
    <subfield code="b">rus</subfield>
    <subfield code="c">UA-OsUOA</subfield>
    <subfield code="d">UA-OsUOA</subfield>
  </datafield>
  <datafield tag="041" ind1=" " ind2=" ">
    <subfield code="a">rus</subfield>
  </datafield>
  <datafield tag="080" ind1=" " ind2=" ">
    <subfield code="a">908</subfield>
  </datafield>
  <datafield tag="090" ind1=" " ind2=" ">
    <subfield code="a">908</subfield>
    <subfield code="b">&#x41C;36</subfield>
  </datafield>
  <datafield tag="100" ind1=" " ind2=" ">
    <subfield code="a">&#x41C;&#x430;&#x446;&#x44E;&#x43A; &#x41E;.</subfield>
  </datafield>
  <datafield tag="245" ind1=" " ind2=" ">
    <subfield code="a">&#x41A; &#x438;&#x441;&#x442;&#x43E;&#x440;&#x438;&#x438; &#x41E;&#x441;&#x442;&#x440;&#x43E;&#x436;&#x441;&#x43A;&#x43E;&#x439; &#x431;&#x443;&#x43C;&#x430;&#x436;&#x43D;&#x43E;&#x439; &#x43C;&#x435;&#x43B;&#x44C;&#x43D;&#x438;&#x446;&#x44B;</subfield>
    <subfield code="c">&#x41E;. &#x41C;&#x430;&#x446;&#x44E;&#x43A;</subfield>
  </datafield>
  <datafield tag="300" ind1=" " ind2=" ">
    <subfield code="a">&#x421;. 144&#x2013;147</subfield>
  </datafield>
  <datafield tag="650" ind1=" " ind2="7">
    <subfield code="a">908 &#x41A;&#x440;&#x430;&#x454;&#x437;&#x43D;&#x430;&#x432;&#x441;&#x442;&#x432;&#x43E;</subfield>
    <subfield code="2">UDC</subfield>
  </datafield>
  <datafield tag="773" ind1="0" ind2=" ">
    <subfield code="0">374904</subfield>
    <subfield code="9">397436</subfield>
    <subfield code="d">&#x41C;. &#x41D;&#x430;&#x443;&#x43A;&#x430; 1985</subfield>
    <subfield code="o">72281</subfield>
    <subfield code="t">&#x424;&#x435;&#x434;&#x43E;&#x440;&#x43E;&#x432;&#x441;&#x43A;&#x438;&#x435; &#x447;&#x442;&#x435;&#x43D;&#x438;&#x44F; 1981</subfield>
    <subfield code="w">(UA-OsUOA) 87933 </subfield>
  </datafield>
  <datafield tag="942" ind1=" " ind2=" ">
    <subfield code="c">BKA</subfield>
    <subfield code="2">udc</subfield>
  </datafield>
  <datafield tag="955" ind1=" " ind2=" ">
    <subfield code="a">1</subfield>
  </datafield>
</record>
